000 00416cam a2200169ua 4500
020 _a0 12511902 x
041 _aeng
_h
082 _a631.521
_bMUR/SE
100 _aMurray, David R .
245 _aSeed physiology vol-2 /
_cDavid R Murray.
_hTextual Documents
250 _a1 /
_b.
260 _aNew York :
_bAcademic Press ,
_c1984.
300 _a295 ; .
504 _a
942 _cBK
999 _c8688
_d8688